Bienvenue à la Médiathèque de Saint-Andiol
banniere
Accueil Recherche avancée Mon compte
handi1 Rechercher dans le catalogue

Filtre   Mots-clés
  Recherche avancée
 
Lister les dernières nouveautés
 
Lister les livres GROS CARACTERES
 
Lister les périodiques (magazines)

handi1 Max et Lili disent que c¹est pas de leur faute

Book Cover
Auteur principal : Dominique de Saint Mars
Autres auteurs : Serge Bloch
Titre : Max et Lili disent que c¹est pas de leur faute
Support : Livres
Langue : Francais
Publié : 2019 Calligram Paris
Series : Ainsi va la vie
Genre : Roman (enfants)
Collection : Ainsi va la vie
Sujets :
Étiquettes :
Pas de tags
LEADER 01057nam0a2200229 450
001 16849196
010 |a 978-2-88480-795-1  |d 5,5 € 
100 |a 20190625d2019 u u0frey01 ba 
101 0 |a fre 
102 |a CH 
200 0 |a Max et Lili disent que c¹est pas de leur faute  |f Dominique de Saint Mars  |g illustrations de Serge Bloch 
207 1 |a   
210 |a Paris  |b Suisse  |c Calligram  |d 2019 
215 |a 1 vol.(43p.)  |c ill.en coul., couv.ill.en coul.  |d 16cm 
225 1 |a Ainsi va la vie  |v 119 
330 |a Pour échapper à la culpabilité, Lili a coutume de faire porter la responsabilité de ses étourderies aux autres. L'album montre que nul n'étant parfait, c'est en acceptant ses erreurs que chacun peut s'améliorer et devenir responsable. 
461 0 |t Ainsi va la vie  |v 119 
700 0 |a Saint Mars  |b Dominique de  |c Auteur du texte  |f 1949-....  |4 70 
701 0 |a Bloch  |b Serge  |c Illustrateur  |f 1956-....  |4 440 
900 |a Roman (enfants) 
901 |a Jeunesse 
995 |a Médiathèque  |c Médiathèque  |f 089016874  |h 089016874  |k E SAI  |o p  |q j  |r az  |e Médiathèque